Zavedenie oznamovacej povinnosti pre zahraničné dotácie

Nariadenie o zahraničných dotáciách (ďalej len "FSR") nadobudlo účinnosť 12. októbra 2023 s cieľom zabrániť narušeniu hospodárskej súťaže na trhu EÚ v dôsledku dotácií od krajín mimo EÚ. V rámci tejto analýzy sa zameriame na jeho vplyvy na oblasť verejných zákaziek a preskúmame jeho kľúčové prvky, ú...

Descrizione completa

Salvato in:
Dettagli Bibliografici
Autore principale: Tkáč, Juraj
Natura: Capitolo di libro
Lingua:slovacco
Soggetti:
Tags: Aggiungi Tag
Nessun Tag, puoi essere il primo ad aggiungerne!!

MARC

LEADER 00000naa a2200000 4500
001 0299959
005 20240417075311.2
041 0 |a slo 
044 |a SK 
245 1 0 |a Zavedenie oznamovacej povinnosti pre zahraničné dotácie  |c Juraj Tkáč 
520 |a Nariadenie o zahraničných dotáciách (ďalej len "FSR") nadobudlo účinnosť 12. októbra 2023 s cieľom zabrániť narušeniu hospodárskej súťaže na trhu EÚ v dôsledku dotácií od krajín mimo EÚ. V rámci tejto analýzy sa zameriame na jeho vplyvy na oblasť verejných zákaziek a preskúmame jeho kľúčové prvky, úlohy relevantných aktérov a aktivity Európskej komisie (ďalej len "EK") na podporu jeho implementácie. 
610 2 0 |a dotácie 
610 2 0 |a súťaž hospodárska 
610 2 0 |a Európska únia 
610 2 0 |a zákazky 
610 2 0 |a povinnosť oznamovacia 
100 1 |a Tkáč, Juraj